00479nam a2200145Ia 4500008004100000020001800041082001200059100003300071245003900104260001400143500002500157942000700182952012900189999001500318260604s9999 xx 000 0 und d a9781032608112 a330 CHA aShiladitya chatterjee935686 0aInclusive Economic Growth in India bRoutledge aEconomy, Development cBK 00104070aIIMVbIIMVcLOCKERd2026-06-04g15990.75l0o330 CHAp004128r2026-06-04 10:20:33v15990.75w2026-06-04yBKBCHA c8510d8510